<?xml version="1.0" encoding="UTF-8"?>
<record
    xmlns:xsi="http://www.w3.org/2001/XMLSchema-instance"
    xsi:schemaLocation="http://www.loc.gov/MARC21/slim http://www.loc.gov/standards/marcxml/schema/MARC21slim.xsd"
    xmlns="http://www.loc.gov/MARC21/slim">

  <leader>00593nam a2200169Ia 4500</leader>
  <controlfield tag="008">230718s9999    xx            000 0 und d</controlfield>
  <datafield tag="020" ind1=" " ind2=" ">
    <subfield code="a">9789814583718</subfield>
  </datafield>
  <datafield tag="041" ind1=" " ind2=" ">
    <subfield code="a">eng</subfield>
  </datafield>
  <datafield tag="082" ind1=" " ind2=" ">
    <subfield code="a">006.37</subfield>
    <subfield code="b">SAN</subfield>
  </datafield>
  <datafield tag="100" ind1=" " ind2=" ">
    <subfield code="a">Sankowski D. (Editor)</subfield>
    <subfield code="9">197883</subfield>
  </datafield>
  <datafield tag="245" ind1=" " ind2=" ">
    <subfield code="a">Computer Vision In Robotics And Industrial Applications</subfield>
    <subfield code="b">Series In Computer Vision - Vol.3</subfield>
  </datafield>
  <datafield tag="260" ind1=" " ind2=" ">
    <subfield code="c">2014</subfield>
    <subfield code="b">World Scientific</subfield>
  </datafield>
  <datafield tag="300" ind1=" " ind2=" ">
    <subfield code="a">563</subfield>
    <subfield code="d">Ref 1640 E ME (51452)</subfield>
  </datafield>
  <datafield tag="365" ind1=" " ind2=" ">
    <subfield code="c">Rs.</subfield>
    <subfield code="b">9960.40</subfield>
  </datafield>
  <datafield tag="700" ind1=" " ind2=" ">
    <subfield code="a">Sankowski D. (Editor) &amp; Nowakowski J. (Editor)</subfield>
    <subfield code="9">197884</subfield>
  </datafield>
  <datafield tag="906" ind1=" " ind2=" ">
    <subfield code="d">O:0463302-Sep-2015B:IN 50007-Jul-2015</subfield>
    <subfield code="c">ME ETC</subfield>
    <subfield code="b">2490.1</subfield>
  </datafield>
  <datafield tag="999" ind1=" " ind2=" ">
    <subfield code="c">340245</subfield>
    <subfield code="d">340245</subfield>
  </datafield>
  <datafield tag="952" ind1=" " ind2=" ">
    <subfield code="0">0</subfield>
    <subfield code="1">0</subfield>
    <subfield code="2">ddc</subfield>
    <subfield code="3">Ref 1640 E (51452)</subfield>
    <subfield code="4">0</subfield>
    <subfield code="7">3</subfield>
    <subfield code="a">CCEP</subfield>
    <subfield code="b">CCEP</subfield>
    <subfield code="d">2015-09-02</subfield>
    <subfield code="e">Pradeep Book Distributors</subfield>
    <subfield code="f">ME ETC</subfield>
    <subfield code="g">7470.30</subfield>
    <subfield code="i">IN 500</subfield>
    <subfield code="o">006.37</subfield>
    <subfield code="p">CCEP-BK-51452</subfield>
    <subfield code="r">2023-07-18 00:00:00</subfield>
    <subfield code="t">2490.1</subfield>
    <subfield code="v">9960.40</subfield>
    <subfield code="w">2015-07-07</subfield>
    <subfield code="y">BK</subfield>
    <subfield code="z">051452</subfield>
  </datafield>
</record>
